00798 a2200253 4500001000700000020002500007041000800032090001600040250001000056300001200066490003400078697001700112697002300129697003200152830003400184856002400218040002500242245006600267260003100333700004200364942000700406952011200413999001900525112170 a9780736420655 (pbk.) apor aNursery 398 a. ed. a[24] p. aRandom House pictureback book aFairy tales. aFolklore - France. aPicture books for children. aRandom House pictureback book u000020/00002047.jpg aBR-BrIDEAcBR-BrIDEA10aBeauty and the beastcillustrated by Disney Storybook Artists a[S.l.]bRandom Housec2010 aDisney Storybook ArtistseIllustrated cBK 00102ddc4070a12.28b12.28d2013-03-18l0oNursery 398p00001049SSWr2024-01-23 14:49:01w2024-01-23yBK c112170d112170